000 00865nam a2200253 a 4500
001 000005874
005 20250423140401.0
008 090824s1994 dr 001 0 spa d
040 _aDO-SdBNP
_bspa
_cBNPHU
082 _a344.729304
_bR426L, 1994
110 2 _aRepública Dominicana
_9447
240 1 0 _a[Leyes, etc.]
245 1 0 _aLegislación sanitaria dominicana /
_c[edición a cargo del Santiago Castro Ventura].
260 _aSanto Domingo :
_bAMD,
_c1994.
300 _av. ;
_c21 cm.
490 1 _aAMD-Centenario
_v3
500 _aLa biblioteca posee v.1
590 _aInventariado, 2018/VM
650 4 _aSalud pública
_xLegislación
_zRepública Dominicana
_916564
700 1 _aCastro Ventura, Santiago
_eed.
_91837
710 2 _aAsociación Médica Dominicana
_916565
830 0 _aAMD-Centenario
_n3
_916566
910 _aValidado. Control de calidad EMS
999 _c5670
_d5670